000 01380nam a2200229Ia 4500
003 Ost
005 20260507075311.0
008 260507s9999||||xx |||||||||||||| ||und||
040 _cfsecg
041 _aara
082 _a330
100 _aالدهراوي، كمال الدين مصطفى
_eمؤلف
245 0 _aمبادئ المحاسبة المالية /
_c كمال الدين مصطفى الدهراوي
260 _aالاسكندرية:
_bالمكتب الجامعي الحديث,
_c2006
300 _a400 صفحة؛
_bإيضاحات ؛
_c24 سم
520 _aالمحاسبة في المشروعات الصناعية ، السجلات المساعدة ، الاخطاء المحاسبية و طرق تصحيحها ، الرفابة الداخلية وعنصر النقدية ، المحاسبة عن الاستثمارات قصيرة الاجل ، المحاسبة عن المدنيين و أوراق القبض ، المحاسبة عن المخزون السلعي ، الجرد و التسويات الجردية للأصول الثابتة مع وجود بعض نماذج لامتحانات السنوات السابقة مع اجابتها النموذجية .
653 _aالإدارة المالية
653 _aالمالية
653 _aالمحاسبة
700 _aفتح الله، عوض لبيب
_eمؤلف ثانوي
942 _cكتاب
999 _c43866
_d43866